UM Logo

An immittance-network-based multiport ZVS bidirectional converter with power decoupling capability / (Record no. 20075)

MARC details
000 -LEADER
fixed length control field 01000nam a22002297a 4500
003 - CONTROL NUMBER IDENTIFIER
control field OSt
005 - DATE AND TIME OF LATEST TRANSACTION
control field 20251007161054.0
008 - FIXED-LENGTH DATA ELEMENTS--GENERAL INFORMATION
fixed length control field 240405b ||||| |||| 00| 0 eng d
040 ## - CATALOGING SOURCE
Transcribing agency 0
082 ## - DEWEY DECIMAL CLASSIFICATION NUMBER
Classification number DPer 621.381 Ie21 October 2022 v. 37 n. 10
100 ## - MAIN ENTRY--PERSONAL NAME
Personal name Cao, Lingling.
Relator term author.
9 (RLIN) 56293
245 ## - TITLE STATEMENT
Title An immittance-network-based multiport ZVS bidirectional converter with power decoupling capability /
Statement of responsibility, etc. Lingling Cao, Jiefeng Lin, Xingyue Jiang, C. S. Wong, and K. H. Loo.
260 ## - PUBLICATION, DISTRIBUTION, ETC. (IMPRINT)
Place of publication, distribution, etc. New York ;
Name of publisher, distributor, etc. The Institute of Electrical and Electronics Engineers, Inc. ,
Date of publication, distribution, etc. October 2022.
300 ## - PHYSICAL DESCRIPTION
Extent Volume 37, pages 12729-12740 :
Other physical details illustration ;
Dimensions 28 cm.
500 ## - GENERAL NOTE
General note IEEE Transactions on Power Electronics, v. 37, n. 10, pages 12729-12740, October 2022.
700 ## - ADDED ENTRY--PERSONAL NAME
Personal name Cao, Lingling.
Relator term author.
9 (RLIN) 56293
700 ## - ADDED ENTRY--PERSONAL NAME
Personal name Lin, Jiefeng.
Relator term author.
9 (RLIN) 56294
700 ## - ADDED ENTRY--PERSONAL NAME
Personal name Jiang, Xingyue.
Relator term author.
9 (RLIN) 56295
700 ## - ADDED ENTRY--PERSONAL NAME
Personal name Wong, C. S.
Relator term author.
9 (RLIN) 56296
700 ## - ADDED ENTRY--PERSONAL NAME
Personal name Loo, K. H.
Relator term author.
9 (RLIN) 56297
942 ## - ADDED ENTRY ELEMENTS (KOHA)
Source of classification or shelving scheme Dewey Decimal Classification
Koha item type Periodicals
Holdings
Withdrawn status Lost status Source of classification or shelving scheme Damaged status Not for loan Collection code Home library Current library Date acquired Total Checkouts Full call number Date last seen Price effective from Koha item type Public note
    Dewey Decimal Classification     Periodicals UM Digos College - LIC UM Digos College - LIC 04/05/2024   DPer 621.317 Ie21 October 2022 v. 37 n. 10 04/05/2024 04/05/2024 Periodicals Periodical Article